| 000 | 00622nam a22002057a 4500 | ||
|---|---|---|---|
| 005 | 20251108175102.0 | ||
| 008 | 250721s2012 xx 000 0 ara d | ||
| 082 | 1 | 4 | _a818.07/قيس |
| 100 | 1 | _aالقيسي، رؤى عصام | |
| 245 | 1 | 0 | _aرحيق الذات / |
| 264 | 1 |
_aعمان : _bدار الأسرة للنشر والتوزيع، _c2012. |
|
| 300 | _a56 ص. | ||
| 650 | 1 | 7 | _aالأدب العربي |
| 650 | 1 | 7 | _aالخواطر الأدبية |
| 653 | _aالمنوعات الأدبية | ||
| 700 | 1 | _aعميرة، زين | |
| 700 | 1 | _aالجراح، زهراء | |
| 942 |
_2ddc _cBK |
||
| 999 |
_c125796 _d125796 |
||